000 00726nam a2200193 i 4500
001 43076
003 ES-MaACL
005 20230906160729.0
007 t|
008 030314s1964 sp ||||1| spa d
110 2 _aCentro de Estudios Misionológicos de Bérriz.
_9200556
245 1 0 _aLaicado y misiones
_b: una prespectiva ante la acción de la religiosa misionera : undécima semana misionológica. Berriz 17-22 agosto 1963 /
_cCentro de estudios misionológicos de Berriz.
260 _a[Bilbao :
_bLa Editorial Vizcaina],
_c1964.
300 _a278 p. ;
_c24 cm.
490 1 _aColección Berriz ;
_v19
830 0 _aColección Berriz ;
_v19
_9182094
852 _aES-MaACL
_jC-25868
_bR.54780
999 _c43076
_d43076